<?xml version="1.0" encoding="UTF-8"?>
<record
    xmlns:xsi="http://www.w3.org/2001/XMLSchema-instance"
    xsi:schemaLocation="http://www.loc.gov/MARC21/slim http://www.loc.gov/standards/marcxml/schema/MARC21slim.xsd"
    xmlns="http://www.loc.gov/MARC21/slim">

  <leader>03921cam a22004694i 4500</leader>
  <controlfield tag="003">PE-LiUPU</controlfield>
  <controlfield tag="005">20250731165419.0</controlfield>
  <controlfield tag="008">151214s2012    pe     grm    000 0 spa d</controlfield>
  <datafield tag="035" ind1=" " ind2=" ">
    <subfield code="a">(Sirsi) a155502</subfield>
  </datafield>
  <datafield tag="040" ind1=" " ind2=" ">
    <subfield code="a">PE-LiUPU</subfield>
    <subfield code="b">spa</subfield>
    <subfield code="c">PE-LiUPU</subfield>
    <subfield code="e">rda</subfield>
  </datafield>
  <datafield tag="082" ind1="0" ind2="4">
    <subfield code="a">220.6</subfield>
    <subfield code="R">77 T3</subfield>
  </datafield>
  <datafield tag="099" ind1=" " ind2=" ">
    <subfield code="a">TT 3</subfield>
    <subfield code="b">R77 2012</subfield>
  </datafield>
  <datafield tag="100" ind1="1" ind2=" ">
    <subfield code="a">Rojas Yauri, Benjam&#xED;n</subfield>
    <subfield code="e">autor</subfield>
  </datafield>
  <datafield tag="245" ind1="1" ind2=" ">
    <subfield code="a">Presuposici&#xF3;n del acercamiento desconstruccionista derridiano y su influencia en la aproximaci&#xF3;n al texto b&#xED;blico /</subfield>
    <subfield code="c">Benjam&#xED;n Rojas Yauri.</subfield>
  </datafield>
  <datafield tag="264" ind1=" " ind2="0">
    <subfield code="c">2012.</subfield>
  </datafield>
  <datafield tag="300" ind1=" " ind2=" ">
    <subfield code="a">256 hojas </subfield>
    <subfield code="c">29 cm</subfield>
  </datafield>
  <datafield tag="336" ind1=" " ind2=" ">
    <subfield code="a">text</subfield>
    <subfield code="2">rdacontent</subfield>
  </datafield>
  <datafield tag="337" ind1=" " ind2=" ">
    <subfield code="a">unmediated</subfield>
    <subfield code="2">rdamedia</subfield>
  </datafield>
  <datafield tag="338" ind1=" " ind2=" ">
    <subfield code="a">volume</subfield>
    <subfield code="2">rdacarrier</subfield>
  </datafield>
  <datafield tag="502" ind1=" " ind2=" ">
    <subfield code="a">Tesis</subfield>
    <subfield code="b">(Mg.) -- </subfield>
    <subfield code="c">Universidad Peruana Uni&#xF3;n,</subfield>
    <subfield code="d">2012.</subfield>
  </datafield>
  <datafield tag="504" ind1=" " ind2=" ">
    <subfield code="a">Incluye referencias</subfield>
  </datafield>
  <datafield tag="520" ind1="3" ind2=" ">
    <subfield code="a">La presente investigaci&#xF3;n es de tipo documental. Formulando problema de investigaci&#xF3;n, se analiz&#xF3; cuatro documentos que tienen por autor a Jaques Derrida, a fin de explicar, definir y presentar los alcances y usos de la desconstrucci&#xF3;n derridiana. -Luego se estudiaron tres documentos desconstruccionistas en los que se abordan temas b&#xED;blicos con el objetivo de identificar las presuposiciones del acercamiento desconstruccionista a la Sagrada Escritura. Finalmente, se presenta la problem&#xE1;tica y aportes de las presuposiciones  desconstruccionistas en su aproximaci&#xF3;n al texto b&#xED;blico. -Para interpretar la SE, el ser humano se ha valido de diversos m&#xE9;todos y acercamientos. Con la llegada del posmodernismo y luego del surgimiento de la desconstrucci&#xF3;n, se emprendi&#xF3; una nueva forma de leer la biblia, influenciada por los postulados fil&#xF3;sofos del Franc&#xE9;s Jaques Derrida, y aunque este acercamiento hermen&#xE9;utico tiene mayor presencia en Europa y Norteam&#xE9;rica, su influencia se nota en el cristianismo mundial. Sin embargo, son escasos los estudios que abordan  la desconstrucci&#xF3;n en relaci&#xF3;n a la hermen&#xE9;utica b&#xED;blica, al respecto se debe se&#xF1;alar que en los diccionarios filos&#xF3;ficos teol&#xF3;gicos y hermen&#xE9;uticos, publicados luego del a&#xF1;o 2000, es m&#xE1;s f&#xE1;cil encontrar una definici&#xF3;n de este t&#xE9;rmino o del t&#xE9;rmino desconstrucci&#xF3;n en relaci&#xF3;n a Derrida. -El acercamiento hermen&#xE9;utico desconstruccionista y las presuposiciones que lo acompa&#xF1;an han dado origen a las lecturas  hermen&#xE9;uticas posmodernas, que ven la verdad como un asunto relativo y a la biblia como un libro deseable para el quehacer desconstruccionista. Esta realidad hace necesario que se aborde el tema y se determine si el cristiano, fiel a la Sagrada Escritura, puede emprender un trabajo desconstruccionista al texto b&#xED;blico y a&#xFA;n mantenerse como investigador respetuoso, creyente y fiel a la Sagrada Escritura. El desarrollo de esta investigaci&#xF3;n plantea que, el acercamiento desconstruccionista al texto b&#xED;blico, no est&#xE1; en condiciones de esclarecer la verdad b&#xED;blica, sin embargo ayuda a comprender que no existe m&#xE9;todo o acercamiento que tenga dicho poder. Sin embargo, siendo que existen m&#xE9;todos mejores y m&#xE1;s respetuosos en el tratamiento del texto b&#xED;blico, se hace necesario afirmar en base a esta investigaci&#xF3;n que, el acercamiento desconstruccionista al texto b&#xED;blico, es menos respetuoso que otros m&#xE9;todos y acercamientos, pues las presuposiciones que la acompa&#xF1;an as&#xED; lo demuestran.</subfield>
  </datafield>
  <datafield tag="526" ind1=" " ind2=" ">
    <subfield code="a">SEG44</subfield>
  </datafield>
  <datafield tag="526" ind1=" " ind2=" ">
    <subfield code="a">SEG26</subfield>
  </datafield>
  <datafield tag="526" ind1=" " ind2=" ">
    <subfield code="a">P151</subfield>
  </datafield>
  <datafield tag="526" ind1=" " ind2=" ">
    <subfield code="a">P150</subfield>
  </datafield>
  <datafield tag="526" ind1=" " ind2=" ">
    <subfield code="a">P149</subfield>
  </datafield>
  <datafield tag="526" ind1=" " ind2=" ">
    <subfield code="a">P146</subfield>
  </datafield>
  <datafield tag="526" ind1=" " ind2=" ">
    <subfield code="a">P145</subfield>
  </datafield>
  <datafield tag="526" ind1=" " ind2=" ">
    <subfield code="a">P126</subfield>
  </datafield>
  <datafield tag="526" ind1=" " ind2=" ">
    <subfield code="a">P125</subfield>
  </datafield>
  <datafield tag="526" ind1=" " ind2=" ">
    <subfield code="a">P92</subfield>
  </datafield>
  <datafield tag="526" ind1=" " ind2=" ">
    <subfield code="a">P75</subfield>
  </datafield>
  <datafield tag="526" ind1=" " ind2=" ">
    <subfield code="a">P74</subfield>
  </datafield>
  <datafield tag="526" ind1=" " ind2=" ">
    <subfield code="a">P27</subfield>
  </datafield>
  <datafield tag="526" ind1=" " ind2=" ">
    <subfield code="a">P15</subfield>
  </datafield>
  <datafield tag="600" ind1="0" ind2="4">
    <subfield code="a">Derrida, Jacques, </subfield>
    <subfield code="d">1930-2004</subfield>
    <subfield code="x">Hermen&#xE9;utica b&#xED;blica</subfield>
    <subfield code="v">Tesis.</subfield>
  </datafield>
  <datafield tag="650" ind1="0" ind2="4">
    <subfield code="a">Hermen&#xE9;utica b&#xED;blica</subfield>
    <subfield code="v">Tesis.</subfield>
  </datafield>
  <datafield tag="596" ind1=" " ind2=" ">
    <subfield code="a">1</subfield>
  </datafield>
  <datafield tag="942" ind1=" " ind2=" ">
    <subfield code="2">ddc</subfield>
    <subfield code="c">TESIS</subfield>
  </datafield>
  <datafield tag="999" ind1=" " ind2=" ">
    <subfield code="a">TT 3 R77 2012</subfield>
    <subfield code="w">ALPHANUM</subfield>
    <subfield code="c">8182</subfield>
    <subfield code="i">T01300</subfield>
    <subfield code="l">CCODEBUL3</subfield>
    <subfield code="m">BUL</subfield>
    <subfield code="r">1</subfield>
    <subfield code="s">Y</subfield>
    <subfield code="t">TESIS</subfield>
    <subfield code="u">2015-12-14</subfield>
    <subfield code="x">POSGRADO</subfield>
    <subfield code="P">P85</subfield>
    <subfield code="o">.STAFF. Tesis</subfield>
    <subfield code="d">8182</subfield>
  </datafield>
  <datafield tag="980" ind1=" " ind2=" ">
    <subfield code="8">1</subfield>
    <subfield code="g">ALBERTO SANCHEZ Responsable de Automatizaci&#xF3;n</subfield>
  </datafield>
  <datafield tag="952" ind1=" " ind2=" ">
    <subfield code="r">2024-08-28 19:38:23</subfield>
    <subfield code="l">0</subfield>
    <subfield code="o">TT 3 R77 2012</subfield>
    <subfield code="p">T01300</subfield>
    <subfield code="t">e1</subfield>
    <subfield code="w">2015-12-14</subfield>
    <subfield code="x">PG</subfield>
    <subfield code="y">TESIS</subfield>
    <subfield code="z">Este &#xCD;tem NO se presta por ser Ejemplar #1.</subfield>
    <subfield code="1">0</subfield>
    <subfield code="2">ddc</subfield>
    <subfield code="7">1</subfield>
    <subfield code="8">TESIS</subfield>
    <subfield code="f">P85</subfield>
    <subfield code="a">BUL</subfield>
    <subfield code="b">BUL</subfield>
    <subfield code="c">TESIS</subfield>
    <subfield code="d">2015-12-14</subfield>
  </datafield>
</record>
